000 00953cam a22002411i 4500
003 SA-RiAUC
005 20260211121500.0
008 260209s1989 ua g b 00000 ara c
040 _aSA-JeALM
_bara
_cSA-RiAUC
_erda
082 0 4 _a214.612028
_qSA-RiAUC
090 _a214.612028
_bس ك ر
100 1 _aالسكري، عبد السلام عبد الرحيم،
_d1940-
_eمؤلف.
245 1 0 _aنقل وزراعة الأعضاء الآدمية من منظور إسلامي /
_cعبد السلام السكري.
250 _aالطبعة الدولية
264 1 _aالقاهرة :
_bالدار المصرية،
_c1989
300 _a265 صفحة ؛
_c24 سم
336 _aنص
_btxt
_2rdacontent
_3كتاب
337 _aبدون وسيط
_bn
_2rdamedia
504 _aببليوجرافية : صفحة 249-258.
650 7 _aزرع الأعضاء (فقه إسلامي)
_2aucsh
942 _2ddc
_cBOOK
_n0
949 _aSA-JeALM
_d260209
_uosman123
_n1
999 _c14299
_d14299